000 00510nam a22001937a 4500
003 KOHA_MİRAKIL
005 20250417162538.0
008 250417b tu ||||| |||| 00| 0 tur d
020 _a9789752430419
040 _aTR-AnABB
_btur
_cTR-AnABB
041 _atur
082 _a950.2092
_bWEA 2019
100 1 _aWeatherford, Jack,
245 1 0 _aCengiz Han /
_cJack Weatherford
260 _aİstanbul :
_bKronik Kitap,
_c2019
300 _a383 sayfa ;
_c21 cm
650 0 4 _aTarih
942 _2ddc
_cBK
999 _c8761
_d8761
900 _bGizem YORULMAZ